|
|
|
|
| LEADER |
00000cam a2200000 c 4500 |
| 001 |
476562538 |
| 003 |
DE-627 |
| 005 |
20251223205509.0 |
| 007 |
tu |
| 008 |
050105s2005 au ||||| 00| ||ger c |
| 015 |
|
|
|a 05,N03,0449
|2 dnb
|
| 015 |
|
|
|a 05,A19,0457
|2 dnb
|
| 016 |
7 |
|
|a 973210273
|2 DE-101
|
| 020 |
|
|
|a 3853263763
|c Pp. : EUR 19.90, sfr 34.90
|9 3-85326-376-3
|
| 024 |
3 |
|
|a 9783853263761
|
| 035 |
|
|
|a (DE-627)476562538
|
| 035 |
|
|
|a (DE-576)115706305
|
| 035 |
|
|
|a (DE-599)GBV476562538
|
| 035 |
|
|
|a (OCoLC)254142842
|
| 035 |
|
|
|a (OCoLC)314915240
|
| 040 |
|
|
|a DE-627
|b ger
|c DE-627
|e rakwb
|
| 041 |
|
|
|a ger
|
| 044 |
|
|
|c XA-AT
|
| 050 |
|
0 |
|a DR48.6
|
| 082 |
0 |
|
|a 320
|
| 082 |
0 |
4 |
|a 320
|
| 084 |
|
|
|a 320
|2 sdnb
|
| 084 |
|
|
|a 3,6
|2 ssgn
|
| 084 |
|
|
|a MD 8920
|q BVB
|2 rvk
|0 (DE-625)rvk/122569:
|
| 084 |
|
|
|a MG 91096
|2 rvk
|0 (DE-625)rvk/122872:12055
|
| 084 |
|
|
|a 89.58
|2 bkl
|
| 084 |
|
|
|a 89.86
|2 bkl
|
| 100 |
1 |
|
|a Elsässer, Jürgen
|d 1957-
|0 (DE-588)123550602
|0 (DE-627)082623961
|0 (DE-576)169681742
|4 aut
|
| 109 |
|
|
|a Elsässer, Jürgen 1957-
|a Elsässer, Jürgen Rainer 1957-
|a Elsäßer, Jürgen Rainer 1957-
|a Elzeser, Jirgen 1957-
|a Eruzesā, Yurugen 1957-
|
| 245 |
1 |
0 |
|a Wie der Dschihad nach Europa kam
|b Gotteskrieger und Geheimdienste auf dem Balkan
|c Jürgen Elsässer
|
| 250 |
|
|
|a 1. Aufl.
|
| 263 |
|
|
|a Gb. : EUR 19.90, EUR 19.90 (AT), sfr 34.90
|
| 264 |
|
1 |
|a St. Pölten
|a Wien
|a Linz
|b NP-Buchverl.
|c 2005
|
| 300 |
|
|
|a 245 S
|c 21 cm
|
| 336 |
|
|
|a Text
|b txt
|2 rdacontent
|
| 337 |
|
|
|a ohne Hilfsmittel zu benutzen
|b n
|2 rdamedia
|
| 338 |
|
|
|a Band
|b nc
|2 rdacarrier
|
| 500 |
|
|
|a Literaturverz. S. 236 - 238
|
| 546 |
|
|
|a Deutsch
|
| 583 |
1 |
|
|a Archivierung prüfen
|c 20200919
|f DE-640
|z 2
|2 pdager
|
| 650 |
|
0 |
|a War
|x Religious aspects
|x Islam
|
| 650 |
|
0 |
|a Jihad
|
| 650 |
|
4 |
|a Gewalt
|
| 650 |
|
4 |
|a Religion
|
| 651 |
|
0 |
|a Balkan Peninsula
|x Politics and government
|x 1989-
|
| 651 |
|
0 |
|a Europe
|x Politics and government
|x 1989-
|
| 651 |
|
4 |
|a Südosteuropa
|
| 689 |
0 |
0 |
|d g
|0 (DE-588)4069099-4
|0 (DE-627)106104322
|0 (DE-576)209175567
|a Balkan
|2 gnd
|
| 689 |
0 |
1 |
|d s
|0 (DE-588)4272416-8
|0 (DE-627)104311525
|0 (DE-576)210689781
|a Mudjahedin
|2 gnd
|
| 689 |
0 |
2 |
|d b
|0 (DE-588)1021698-4
|0 (DE-627)103471901
|0 (DE-576)191259640
|a USA
|b Central Intelligence Agency
|2 gnd
|
| 689 |
0 |
|
|5 DE-101
|
| 856 |
4 |
2 |
|u http://www.gbv.de/dms/sub-hamburg/476562538.pdf
|m V:DE-601
|m B:DE-18
|q pdf/application
|x Verlag
|y Inhaltsverzeichnis
|3 Inhaltsverzeichnis
|7 1
|
| 935 |
|
|
|a mkri
|
| 935 |
|
|
|i Blocktest
|
| 936 |
r |
v |
|a MD 8920
|b Terror, Gewalt, Mord
|k Politologie
|k Politische Theorie, Grundbegriffe des Politischen
|k Politische Auseinandersetzung
|k Terror, Gewalt, Mord
|0 (DE-627)1271426560
|0 (DE-625)rvk/122569:
|0 (DE-576)201426560
|
| 936 |
r |
v |
|a MG 91096
|b Politisches Verbrechen, Terror, Gewalt
|k Politologie
|k Politische Systeme einzelner Länder
|k Europa, Nordamerika
|k Osteuropa (ehem. Ostblock)
|k Bosnien und Herzegowina, Kosovo, Kroatien, Montenegro, Nordmazedonien, Slowenien
|k Formen politischer Auseinandersetzung
|k Politisches Verbrechen, Terror, Gewalt
|0 (DE-627)1271478994
|0 (DE-625)rvk/122872:12055
|0 (DE-576)201478994
|
| 936 |
b |
k |
|a 89.58
|j Politische Gewalt
|0 (DE-627)106416960
|
| 936 |
b |
k |
|a 89.86
|j Nachrichtendienste
|j militärische Nachrichtendienste
|0 (DE-627)106413619
|
| 951 |
|
|
|a BO
|
| ELC |
|
|
|b 1
|
| LOK |
|
|
|0 000 xxxxxcx a22 zn 4500
|
| LOK |
|
|
|0 001 3195065444
|
| LOK |
|
|
|0 003 DE-627
|
| LOK |
|
|
|0 004 476562538
|
| LOK |
|
|
|0 005 20050406000000
|
| LOK |
|
|
|0 008 050201||||||||||||||||ger|||||||
|
| LOK |
|
|
|0 040
|a DE-Frei85
|c DE-627
|d DE-Frei85
|
| LOK |
|
|
|0 852
|a DE-Frei85
|
| LOK |
|
|
|0 852 1
|m p
|9 00
|
| LOK |
|
|
|0 938
|k p
|
| LOK |
|
|
|0 939
|a 01-02-05
|b l01
|
| ORI |
|
|
|a SA-MARC-krimdoka001.raw
|
| TIM |
|
|
|a 100019470101_100020261231
|b 1947 - 2026
|